000 00531 a2200181 4500
999 _c175714
_d175714
005 20200922111435.0
010 _aB-108136
020 _a8176211214
_c150.00
035 _aB-108136
037 _bDBAD / PUB
082 1 4 _a181.499
_bOSH
100 _aOsho
245 1 _aNever born, never died /
_cby Osho
260 _aNew Delhi:
_bFull Circle
_c2005
270 _aJ-40, Jorbagh Lane
_bNew Delhi
_e110 003
_k24620063
_mfullcircle@vsnl.com
300 _a190p.:
_c21cm (pbk)
942 _adpl
_cEN
_2ddc
_h181.499
_mOSH